|
|
|
|
| LEADER |
00000cam a22000004a 4500 |
| 001 |
musev2_42901 |
| 003 |
MdBmJHUP |
| 005 |
20230905044507.0 |
| 006 |
m o d |
| 007 |
cr||||||||nn|n |
| 008 |
151105s2015 dcu o 00 0 eng d |
| 020 |
|
|
|a 9780813227986
|
| 020 |
|
|
|z 9780813227979
|
| 035 |
|
|
|a (OCoLC)927592962
|
| 040 |
|
|
|a MdBmJHUP
|c MdBmJHUP
|
| 100 |
1 |
|
|a Clark, Patrick Mahaney,
|e author.
|
| 245 |
1 |
0 |
|a Perfection in Death :
|b The Christological Dimension of Courage in Aquinas /
|c Patrick M. Clark.
|
| 264 |
|
1 |
|a Washington, D.C. :
|b Catholic University of America Press,
|c [2015]
|
| 264 |
|
3 |
|a Baltimore, Md. :
|b Project MUSE,
|c 2015
|
| 264 |
|
4 |
|c ©[2015]
|
| 300 |
|
|
|a 1 online resource.
|
| 336 |
|
|
|a text
|b txt
|2 rdacontent
|
| 337 |
|
|
|a computer
|b c
|2 rdamedia
|
| 338 |
|
|
|a online resource
|b cr
|2 rdacarrier
|
| 505 |
0 |
|
|a Achilles and Socrates: ancient attempts to integrate virtue, death, and human perfection -- Practical reason, perfection, and finitude in Aquinas -- Death and human perfection in Aquinas -- The role of courage in Aquinas's account of human perfection -- Aquinas on courage, martyrdom, and the common good -- Contemporary exemplarist virtue theory and moral motivation in the face of death -- The prospect and limitations of Thomistic moral exemplarism.
|
| 588 |
|
|
|a Description based on print version record.
|
| 600 |
0 |
7 |
|a Thomas,
|c Aquinas, Saint,
|d 1225?-1274.
|2 fast
|0 (OCoLC)fst00029176
|
| 600 |
0 |
0 |
|a Thomas,
|c Aquinas, Saint,
|d 1225?-1274.
|
| 650 |
|
7 |
|a Perfection
|x Religious aspects
|x Catholic Church.
|2 fast
|0 (OCoLC)fst01057809
|
| 650 |
|
7 |
|a Death
|x Religious aspects
|x Catholic Church.
|2 fast
|0 (OCoLC)fst00888655
|
| 650 |
|
7 |
|a Courage
|x Religious aspects
|x Catholic Church.
|2 fast
|0 (OCoLC)fst02016218
|
| 650 |
|
7 |
|a RELIGION
|x Agnosticism.
|2 bisacsh
|
| 650 |
|
7 |
|a RELIGION
|x Christian Theology
|x Eschatology.
|2 bisacsh
|
| 650 |
|
6 |
|a Perfection
|x Aspect religieux
|x Église catholique.
|
| 650 |
|
6 |
|a Courage
|x Aspect religieux
|x Église catholique.
|
| 650 |
|
0 |
|a Death
|x Religious aspects
|x Catholic Church.
|
| 650 |
|
0 |
|a Perfection
|x Religious aspects
|x Catholic Church.
|
| 650 |
|
0 |
|a Courage
|x Religious aspects
|x Catholic Church.
|
| 655 |
|
7 |
|a Electronic books.
|2 local
|
| 710 |
2 |
|
|a Project Muse.
|e distributor
|
| 830 |
|
0 |
|a Book collections on Project MUSE.
|
| 856 |
4 |
0 |
|z Texto completo
|u https://projectmuse.uam.elogim.com/book/42901/
|
| 945 |
|
|
|a Project MUSE - Custom Collection
|
| 945 |
|
|
|a Project MUSE - 2015 Philosophy and Religion
|
| 945 |
|
|
|a Project MUSE - 2015 Complete
|